Rent recovery (Record no. 75697)

MARC details
000 -LEADER
fixed length control field 01133cab a2200265 4500
001 - CONTROL NUMBER
control field L130556
008 - FIXED-LENGTH DATA ELEMENTS--GENERAL INFORMATION
fixed length control field 050811n2005 000 0 eng u
035 ## - SYSTEM CONTROL NUMBER
System control number (Sirsi) u130556
041 ## - LANGUAGE CODE
Language code of text/sound track or separate title eng
100 ## - MAIN ENTRY--PERSONAL NAME
Personal name Ferris, Jonathan
245 ## - TITLE STATEMENT
Title Rent recovery
260 ## - PUBLICATION, DISTRIBUTION, ETC.
Date of publication, distribution, etc. 2005
490 ## - SERIES STATEMENT
Series statement Solicitors' Journal
Volume/sequential designation 149(29) 22 July 2005, 878-879(2)
520 ## - SUMMARY, ETC.
Summary, etc. Suggests that landlords of commercial property can avoid the delays associated with litigation to recover rent by using their right to levy distress or forfeit the lease by peaceable re-entry. Considers the procedure for, and exceptions to, levying distress and how to forfeit a lease. Case law.
590 ## - LOCAL NOTE (RLIN)
Local note IKA160805
650 ## - SUBJECT ADDED ENTRY--TOPICAL TERM
Topical term or geographic name entry element ELLER V GROVECREST INVESTMENTS LTD 1994
650 ## - SUBJECT ADDED ENTRY--TOPICAL TERM
Topical term or geographic name entry element TSB BANK PLC V BOTHAM
650 ## - SUBJECT ADDED ENTRY--TOPICAL TERM
Topical term or geographic name entry element HARVEY V BRIDGES
650 ## - SUBJECT ADDED ENTRY--TOPICAL TERM
Topical term or geographic name entry element MURGATROYD V SILKSTONE AND DODWORTH COAL AND IRON CO LTD
650 ## - SUBJECT ADDED ENTRY--TOPICAL TERM
Topical term or geographic name entry element RE PALMIERO
650 ## - SUBJECT ADDED ENTRY--TOPICAL TERM
Topical term or geographic name entry element SOMERS MEWS INVESTMENTS V MILLER
650 ## - SUBJECT ADDED ENTRY--TOPICAL TERM
Topical term or geographic name entry element SILVERMAN V AFCO (UK)
690 ## - LOCAL SUBJECT ADDED ENTRY--TOPICAL TERM (OCLC, RLIN)
Topical term or geographic name as entry element PROPERTY-COMMERCIAL PROPERTY-COMMERCIAL LANDLORD AND TENANT-BUSINESS TENANCIES-FORFEITURE OF BUSINESS TENANCIES
942 ## - ADDED ENTRY ELEMENTS (KOHA)
Suppress in OPAC 0
Holdings
Withdrawn status Lost status Source of classification or shelving scheme Damaged status Not for loan Home library Current library Shelving location Date acquired Total Checkouts Full call number Barcode Date last seen Copy number Price effective from Koha item type
    Dewey Decimal Classification     London London Journal article 11/08/2005   L130556 130556-1001 06/08/2019 1 06/08/2019 Journal article